[Event "11. OSEM SH"]
[Site "Büsum"]
[Date "2017.09.08"]
[Round "1.30"]
[White "Bordasch, Christian, Dr."]
[Black "Hanisch, Friedrich"]
[Result "0-1"]
[BlackElo "2081"]
[BlackTeam "SV Lauf"]
[WhiteElo "1805"]
[WhiteTeam "SK Norderstedt"]

1. d4 d5 2. c4 c6 3. Nc3 Nf6 4. Bg5 Nbd7 5. e3 Qa5 6. Qa4 Qxa4 7. Nxa4 dxc4 8.
Nc3 b5 9. Nf3 Bb7 10. Be2 e6 11. O-O  Be7 12. Nd2 O-O  13. Bf3 Bb4 14.
Nde4 Nxe4 15. Bxe4 Bxc3 16. bxc3 Nb6 17. Rfc1 f6 18. Bh4 Rf7 19. Bg3 Rd7 20.
Bf3 Rc8 21. Rab1 a6 22. Bg4 Kf7 23. Bf3 c5 24. Bxb7 Rxb7 25. Bd6 cxd4 26. exd4
Rd7 27. Bg3 Na4 28. f4 Rb7 29. a3 Nb6 30. Be1 Rcb8 31. Rb2 Nd5 32. g3 Nb6 33.
Kf2 Rd7 34. Re2 Re8 35. Bd2 Na4 36. Rc2 Rd5 37. Kf3 e5 38. fxe5 fxe5 39. dxe5
Rdxe5 40. Rxe5 Rxe5 41. Be3 Rd5 42. Bd4 Nc5 43. Bxc5 Rxc5 44. Rd2 Ke6 45. Rd4
Rd5 46. Ke3 Rxd4 47. Kxd4 Kd6 48. g4 g5 49. Ke4 a5 50. Kd4 Kc6 51. h3 Kd6 52.
Ke3 Kd5  0-1

[Event "11. OSEM SH"]
[Site "Büsum"]
[Date "2017.09.08"]
[Round "1.31"]
[White "Leiber, Bernard"]
[Black "Brandt, Fred"]
[Result "1-0"]
[BlackElo "1805"]
[BlackTeam "Königsjäger Süd-West"]
[WhiteElo "2074"]
[WhiteTeam "SV Osnabrück"]

1. e4 e5 2. Nf3 Nc6 3. Bb5 d6 4. c3 a6 5. Ba4 Bg4 6. d4 b5 7. Bb3 Bxf3 8. Qxf3
Qf6 9. Bd5 Kd7 10. Qg4+ Ke7 11. Bg5  1-0

[Event "11. OSEM SH"]
[Site "Büsum"]
[Date "2017.09.08"]
[Round "1.33"]
[White "Lomer, Edmund"]
[Black "Wagner, Ingolf"]
[Result "1-0"]
[BlackElo "1799"]
[BlackTeam "Gnoiener SV"]
[WhiteElo "2065"]
[WhiteTeam "Eckernförder SC"]

1. Nf3 d6 2. d4 g6 3. g3 Bg7 4. Bg2 Nc6 5. O-O e5 6. dxe5 Nxe5 7. c4 c6 8. Qc2
Ne7 9. Rd1 Bf5 10. Qb3 Qc7 11. Nc3 Be6 12. Nxe5 dxe5 13. Ne4 O-O 14. Nc5 Bc8
15. Bd2 b6 16. Ne4 h6 17. Bb4 c5 18. Bc3 Nc6 19. e3 Be6 20. Qa4 Bd7 21. Nxc5
bxc5 22. Rxd7 Qxd7 23. Bxc6 Qg4 24. Bxa8 Rxa8 25. Rd1 Qe4 26. Qd7 h5 27. Qd5 
1-0

[Event "11. OSEM SH"]
[Site "Büsum"]
[Date "2017.09.08"]
[Round "1.34"]
[White "Lüders, Günter, Dr."]
[Black "Muuss, Klaus"]
[Result "0-1"]
[BlackElo "2064"]
[BlackTeam "VSF Flintbek"]
[WhiteElo "1796"]
[WhiteTeam "TSV Benshausen"]

1. d4 Nf6 2. Nf3 d5 3. Bf4 e6 4. Nbd2 Bd6 5. Bxd6 cxd6 6. e3 O-O 7. Be2 Nc6 8.
O-O Bd7 9. c3 Rc8 10. Rc1 Qe7 11. Qc2 e5 12. dxe5 dxe5 13. Rfd1 d4 14. exd4 e4
15. Nb3 exf3 16. Bxf3 Rfe8 17. Qd3 b6 18. Nd2 Bg4 19. Bxg4 Nxg4 20. Qf3 Nf6 21.
Re1 Qxe1+ 22. Rxe1 Rxe1+ 23. Nf1 Ne4 24. Qd3 Re8 25. g3 h5 26. Kg2 g6 27. Qb5
Rc8 28. Qd5 Nf6 29. Qf3 Kg7 30. Ne3 Re8 31. Qxc6 Re2 32. Qb5 R8xe3 33. Kf1 Re1+
34. Kg2 R3e2 35. h3 Ne4 36. Qe5+ Kh7 37. h4 Rxf2+  0-1

[Event "11. OSEM SH"]
[Site "Büsum"]
[Date "2017.09.08"]
[Round "1.35"]
[White "Niebling, Ferdinand"]
[Black "Hülle, Gunter"]
[Result "1/2-1/2"]
[BlackElo "1794"]
[BlackTeam "SV Springer Leipzig"]
[WhiteElo "2059"]
[WhiteTeam "SC Frankfurt-West"]

1. d4 Nf6 2. c4 g6 3. Nc3 Bg7 4. e4 d6 5. Nf3 O-O 6. h3 e5 7. dxe5 dxe5 8. Qxd8
Rxd8 9. Bg5 h6 10. Bxf6 Bxf6 11. Nd5 Nd7 12. Nxc7 Rb8 13. Nd5 Bg7 14. Bd3 $146
Nc5 15. Bc2 f5 16. Rd1 Be6 17. exf5 gxf5 18. b4 Ne4 19. Bxe4 fxe4 20. Nd2 Bxd5
21. cxd5 Rxd5 22. Nxe4 Rxd1+ 23. Kxd1 Rd8+ 24. Kc2 Rd4 25. f3 Rxb4 26. Rd1 Rc4+
27. Kb3 Rc7 28. Rd8+ Kf7 29. a4 Ke7 30. Rd5 Rc1 31. a5 a6 32. Rc5 Rd1 33. Rc7+
Rd7 34. Rc2 Bf8 35. Rc8 Rd3+ 36. Kc2 Ra3 37. Rc7+ Kd8 38. Rxb7 Rxa5 39. Rb8+
Ke7 40. Kb3 Kf7  1/2-1/2

[Event "11. OSEM SH"]
[Site "Büsum"]
[Date "2017.09.08"]
[Round "1.36"]
[White "Jung, Michael, Prof."]
[Black "Walther, Reinhard"]
[Result "0-1"]
[BlackElo "2051"]
[BlackTeam "SK Herzogenaurach"]
[WhiteElo "1794"]
[WhiteTeam "SV Osnabrück"]

1. g3 d5 2. Bg2 Nf6 3. c4 e6 4. cxd5 exd5 5. d4 Bd6 6. Nc3 c6 7. Nf3 Bf5 8. a3
Nbd7 9. b4 a6 10. O-O Qc7 11. Na4 Ne4 12. Nc5 Ndf6 13. Bb2 h6 14. Ne5 O-O 15.
Rc1 Rae8 16. f4 Re7 17. Qe1 Rfe8 18. e3 Bxc5 19. bxc5 Qc8 20. Bc3 Nxc3 21. Qxc3
Ne4 22. Bxe4 Bxe4 23. Nd3 Bxd3 24. Qxd3 Rxe3 25. Qd2 Re2 26. Qd1 Qh3 27. Rf2
Rxf2 28. Kxf2 Qxh2+ 29. Kf3 Re4 30. Rb1 g5 31. fxg5 hxg5 32. g4 Rf4+ 33. Ke3
Qf2+  0-1

[Event "11. OSEM SH"]
[Site "Büsum"]
[Date "2017.09.08"]
[Round "1.37"]
[White "Mikolajewski, Armin"]
[Black "Reinke, Kurt"]
[Result "1/2-1/2"]
[BlackElo "1793"]
[BlackTeam "SG Benrath"]
[WhiteElo "2047"]
[WhiteTeam "Naumburger SV"]

1. d4 d5 2. c4 c6 3. Nc3 e6 4. Nf3 dxc4 5. e3 b5 6. a4 Bb4 7. Ne5 Nf6 8. Bd2 a5
9. axb5 Bxc3 10. Bxc3 cxb5 11. Qf3 Ra7 12. Nc6 Nxc6 13. Qxc6+ Bd7 14. Qc5 Ra8
15. Be2 Ne4 16. Qe5 Nxc3 17. Qxg7 Ke7 18. bxc3 Qc7 19. Qg5+ Kf8 20. Qh6+ Ke7
21. Qg5+ Kf8 22. Qh6+ Ke7 23. Qg5+  1/2-1/2

[Event "11. OSEM SH"]
[Site "Büsum"]
[Date "2017.09.08"]
[Round "1.38"]
[White "Borries, Barbara"]
[Black "Kotlar, Alfred"]
[Result "0-1"]
[BlackElo "2041"]
[BlackTeam "SC Recklinghausen Altstadt"]
[WhiteElo "1790"]
[WhiteTeam "SC Taufkirchen"]

1. e4 d5 2. exd5 Qxd5 3. Nc3 Qd6 4. d4 c6 5. Be3 Nf6 6. h3 Bf5 7. Bd3 Bg6 8. Nf3
e6 9. Ne5 Nbd7 10. Nc4 Qc7 11. Qd2 Bxd3 12. Qxd3 Be7 13. O-O  O-O  14.
Nd2 Rfd8 15. Qe2 Nb6 16. Qf3 h6 17. Rad1 Nbd5 18. Nxd5 cxd5 19. c3 Rac8 20. Bf4
Qb6 21. Rb1 Rc6 22. Rfe1 Rdc8 23. g4 Nh7 24. Qg3 Qd8 25. Nf3 Ra6 26. a3 Rb6 27.
h4 Nf6 28. g5 hxg5 29. hxg5 Nh5 30. Qg4 Nxf4 31. Qxf4 Bd6 32. Qg4 g6 33. Kg2
Kf8 34. Nh4 Bb8 35. f4 Qd6 36. Kf3 Kg7 37. Re2 Rxc3+ 38. bxc3 Rxb1 39. Rh2 Rf1+
 0-1

[Event "11. OSEM SH"]
[Site "Büsum"]
[Date "2017.09.08"]
[Round "1.39"]
[White "Villing, Dieter"]
[Black "Schwab, Wolfgang"]
[Result "1-0"]
[BlackElo "1790"]
[BlackTeam "SV Turm Sankt Augustin"]
[WhiteElo "2040"]
[WhiteTeam "SK Ludwigshafen"]

1. e4 e6 2. d4 d5 3. Nc3 Bb4 4. e5 c5 5. dxc5 Nc6 6. Nf3 Bxc3+ 7. bxc3 Qa5 8.
Bd2 Qxc5 9. Bd3 h6 10. O-O  Bd7 11. Rb1 b6 12. Qe2 Qe7 13. c4 dxc4 14. Bxc4
Qd8 15. Rfd1 Qc7 16. Bc1 Nge7 17. Ba3 O-O  18. Bd6 Qd8 19. Qe4 Re8 20. Bd3
Ng6 21. h4 Nce7 22. h5 Bc6 23. Bxe7 Bxe4 24. Bxd8 Bxf3 25. gxf3 Nxe5 26. Bc7
Nxf3+ 27. Kg2 Nh4+ 28. Kg3 Nf5+ 29. Bxf5 exf5 30. Rb3 Kh7 31. Rd7 f6 32. Re3 b5
33. Ree7 Rxe7 34. Rxe7 a6 35. Kf4 a5 36. Kxf5 a4 37. c3 Ra6 38. Bf4 Rc6 39. Rc7
Ra6 40. Be3 Rd6 41. Bd4 b4 42. Rb7 bxc3 43. Bxc3 Rd5+ 44. Ke4 Rxh5 45. Bxf6 Kg6
46. Be5 Rh4+ 47. f4 Rh1 48. Rxg7+ Kh5 49. Ra7 Kg4 50. Rg7+ Kh5 51. Rg2 a3 52.
Kf5 Rh4 53. Ke6  1-0

[Event "11. OSEM SH"]
[Site "Büsum"]
[Date "2017.09.08"]
[Round "1.40"]
[White "Eschweiler, Gottfried"]
[Black "Kliewe, Hans-Jürgen"]
[Result "0-1"]
[BlackElo "2037"]
[BlackTeam "ASV Wismar"]
[WhiteElo "1766"]
[WhiteTeam "Pulheimer SC"]

1. Nf3 d5 2. g3 Nf6 3. d3 c5 4. Nbd2 Nc6 5. Bg2 e5 6. e4 d4 7. O-O Be7 8. Re1
O-O 9. Nf1 Qc7 10. b3 Bd7 11. Bd2 b5 12. c3 a5 13. cxd4 cxd4 14. Rc1 Ba3 15.
Rc2 Qd6 16. Nh4 Rac8 17. Nf5 Bxf5 18. exf5 Nd5 19. Qf3 Nc3 20. Qg4 Nb4 21. f6
Qxf6 22. Bg5 Qd6 23. Rd2 f5 24. Qh4 Nbd5 25. Rc2 h6 26. Bd2 Nb4 27. Rxc3 dxc3
28. Bc1 Bxc1 29. Rxc1 Nxd3  0-1

[Event "11. OSEM SH"]
[Site "Büsum"]
[Date "2017.09.08"]
[Round "1.41"]
[White "Erhart, Uwe"]
[Black "Eberhardt, Michael"]
[Result "0-1"]
[BlackElo "1763"]
[BlackTeam "SC Agon Neumünster"]
[WhiteElo "2035"]
[WhiteTeam "Raisdorfer SG"]

1. e4 d5 2. exd5 Nf6 3. d4 Bg4 4. Be2 Bxe2 5. Nxe2 Qxd5 6. O-O  Nc6 7. Nbc3
Qh5 8. Be3 O-O-O 9. Ng3 Qg6 10. Nce2 e5 11. c3 exd4 12. cxd4 Nd5 13. Qb3 Bb4
14. Rfd1 Rhe8 15. Qd3 Nxe3 16. fxe3 Bd6 17. a3 Qxd3 18. Rxd3 g6 19. Rad1 f5 20.
Kf2 h5 21. Nf1 h4 22. g3 hxg3+ 23. hxg3 Rh8 24. Kf3 g5 25. Nc3 a6 26. e4 g4+
27. Kg2 f4 28. gxf4 Bxf4 29. Ne2 Bg5 30. Kg3 Rdg8 31. Kxg4 Bc1+ 32. Kf5 Rg5+
33. Ke6 Rh6+ 34. Kf7 Nd8+ 35. Kf8 Ne6+ 36. Ke7 Rg7+  0-1

[Event "11. OSEM SH"]
[Site "Büsum"]
[Date "2017.09.08"]
[Round "1.42"]
[White "Garms, Ilse"]
[Black "Heinzel, Peter"]
[Result "0-1"]
[BlackElo "2028"]
[BlackTeam "SC Mülheim"]
[WhiteElo "1759"]
[WhiteTeam "ESV Eberswalde"]

1. d4 Nf6 2. e3 b6 3. Nf3 Bb7 4. Be2 g6 5. O-O d6 6. c3 Bg7 7. Nbd2 Nbd7 8. Qc2
c5 9. b3 O-O 10. Bb2 cxd4 11. Nxd4 Rc8 12. Rac1 Re8 13. Bf3 d5 14. Qd1 a6 15.
Re1 b5 16. a4 e5 17. Nc2 bxa4 18. bxa4 Nc5 19. Be2 Nxa4 20. Rb1 Qd7 21. c4 Nxb2
22. Rxb2 d4 23. Nf3 Bxf3 24. gxf3 Red8 25. Bd3 dxe3 26. Rxe3 Bh6 27. Ne1 Bxe3
28. fxe3 Rxc4 29. Qe2 Rc3 30. Bxa6 Qa7 31. Bd3 Nd5 32. Nc2 Nf4  0-1

[Event "11. OSEM SH"]
[Site "Büsum"]
[Date "2017.09.08"]
[Round "1.43"]
[White "Nordby, Bernt"]
[Black "Flockerzi, Armin"]
[Result "1-0"]
[BlackElo "1758"]
[BlackTeam "VfR-SC Koblenz"]
[WhiteElo "2027"]
[WhiteTeam "Frederiksstad Schakselskap"]

1. d4 d5 2. Nf3 c6 3. c4 dxc4 4. e3 b5 5. a4 Bb7 6. axb5 cxb5 7. b3 Nf6 8. bxc4
bxc4 9. Bxc4 e6 10. O-O Be7 11. Qe2 O-O 12. Nc3 Nbd7 13. Bb2 Nb6 14. Ba6 Bxa6
15. Rxa6 Nbd5 16. Rfa1 Nxc3 17. Bxc3 Qc7 18. Be1 Rfb8 19. h3 h6 20. Qa2 Rb7 21.
Ne5 Bd6 22. Nc4 Bb4 23. Bxb4 Rxb4 24. Ne5 Rb7 25. Qa3 Nd7 26. Rc1 Qb8 27. Nc6
Qe8 28. Ra1 Kh8 29. Qd6 Nf6 30. Rxa7 Raxa7 31. Rxa7 Rb6 32. Rc7 Ne4 33. Qd8
Rb1+ 34. Kh2 Qxd8 35. Nxd8 Nxf2 36. Nxf7+ Kh7 37. Nd8 Rh1+ 38. Kg3 Ne4+ 39. Kf4
Ng5 40. Ke5 Re1 41. Rc3 Kg6 42. h4 Nf7+ 43. Nxf7 Kxf7 44. e4 Re2 45. Rc7+ Kf8
46. g4 Rg2 47. Kxe6 g5 48. hxg5 Rxg4 49. Rc8+ Kg7 50. gxh6+ Kxh6 51. Kd5 Rg5+
52. e5 Kg7 53. Kd6 Rg6+ 54. e6 Kf6 55. Rf8+ Kg7 56. Rf4 Kg8 57. d5 Rg1 58. e7
Re1 59. Kd7  1-0

[Event "11. OSEM SH"]
[Site "Büsum"]
[Date "2017.09.08"]
[Round "1.45"]
[White "Limberg, Siegfried"]
[Black "Decho, Wilhelm"]
[Result "1-0"]
[BlackElo "1750"]
[BlackTeam "Vereinslos"]
[WhiteElo "2019"]
[WhiteTeam "SF Taunus"]

1. d4 c6 2. c4 d5 3. Nc3 Nf6 4. Nf3 h6 5. e3 Bf5 6. Qb3 Qb6 7. c5 Qxb3 8. axb3
Nbd7 9. b4 e6 10. b5 Be7 11. bxc6 bxc6 12. Ba6 Rb8 13. O-O O-O 14. Re1 Ne4 15.
Nxe4 Bxe4 16. Nd2 Nxc5 17. dxc5 Bxc5 18. Nxe4 dxe4 19. Rd1 Rfd8 20. Rxd8+ Rxd8
21. Be2 Rb8 22. Ra4 Rb4 23. Rxb4 Bxb4 24. b3 a5 25. Bb2 Kf8 26. Ba6 c5 27. Bb7
f5 28. Kf1 g6 29. f3 exf3 30. gxf3 Ke7 31. Be5 Kd7 32. Ke2 h5 33. f4 Kd8 34.
Bc6 Ke7 35. Kd3 Be1 36. Bc3 Bxc3 37. Kxc3 Kd6 38. Be8 Kd5 39. Kd3 h4 40. h3 e5
41. Bf7+ Kd6 42. Bxg6 exf4 43. exf4  1-0

[Event "11. OSEM SH"]
[Site "Büsum"]
[Date "2017.09.08"]
[Round "1.46"]
[White "Riha, Peter"]
[Black "Lehmann, Erwin"]
[Result "0-1"]
[BlackElo "2015"]
[BlackTeam "Ahrensburger TSV"]
[WhiteElo "1736"]
[WhiteTeam "Schleswiger SV"]

1. d4 f5 2. Bf4 Nf6 3. e3 g6 4. h4 h6 5. Nf3 d6 6. Bd3 c5 7. c3 Be6 8. Nbd2 Nbd7
9. e4 Qb6 10. Qc2 Nh5 11. g3 Ng7 12. d5 Bf7 13. c4 e5 14. Be3 Nf6 15. Nb3 fxe4
16. Bxe4 Nxe4 17. Qxe4 Nf5 18. Bd2 a5 19. Rb1 Bg7 20. g4 Nd4 21. Nbxd4 cxd4 22.
Ke2 O-O  23. g5 h5 24. b3 Be8 25. Rb2 Qc7 26. Ne1 Qf7 27. Nd3 Bd7 28. Rf1
Bh3 29. Rg1 Bf5 30. Qg2 Bg4+ 31. Ke1 Qf5 32. Nc1 e4 33. b4 e3 34. fxe3 dxe3 35.
Rf1 Qxf1+ 36. Qxf1 Rxf1+ 37. Kxf1 Bxb2  0-1

[Event "11. OSEM SH"]
[Site "Büsum"]
[Date "2017.09.08"]
[Round "1.47"]
[White "Reinhold, Klaus"]
[Black "Dachrodt, Heinz-Günther"]
[Result "1/2-1/2"]
[WhiteElo "2008"]
[BlackElo "1734"]
[PlyCount "38"]
[EventDate "2017.??.??"]
[WhiteTeam "SC Gronau"]
[BlackTeam "Sport Union Annen"]

1. d4 Nf6 2. c4 g6 3. Nc3 d5 4. Nf3 Bg7 5. Qb3 dxc4 6. Qxc4 O-O 7. e4 c6 8. Qb3
b6 9. Bc4 e6 10. Bg5 Qc7 11. O-O Ba6 12. Rac1 Qb7 13. Bxa6 Nxa6 14. Rfd1 Rac8
15. e5 Nd5 16. Ne4 Qd7 17. Nd6 Rc7 18. Qa4 Nb8 19. Ne4 c5 1/2-1/2

[Event "11. OSEM SH"]
[Site "Büsum"]
[Date "2017.09.08"]
[Round "1.48"]
[White "Kronseder, Michael"]
[Black "Meyer, Irmin"]
[Result "0-1"]
[WhiteElo "1724"]
[BlackElo "2000"]
[PlyCount "108"]
[EventDate "2017.??.??"]
[WhiteTeam "SV Hürth-Berrenrath"]
[BlackTeam "SV Werder Bremen"]

1. e4 c6 2. Nc3 d5 3. Nf3 Bg4 4. h3 Bxf3 5. Qxf3 e6 6. d4 dxe4 7. Nxe4 Nd7 8.
Bc4 Ngf6 9. Bg5 Be7 10. O-O-O Nxe4 11. Bxe7 Qxe7 12. Qxe4 Nf6 13. Qe2 O-O-O 14.
Rhe1 Qd6 15. Qd2 h6 16. Qa5 Kb8 17. Re3 Qc7 18. Qa3 Nd5 19. Bxd5 Rxd5 20. Kb1
Rhd8 21. Red3 Qf4 22. Rf3 Qc7 23. Rfd3 a6 24. c4 R5d7 25. c5 Rd5 26. Qb4 e5 27.
Kc2 Qd7 28. Kc3 f5 29. Qc4 Qe7 30. b4 g5 31. dxe5 Qxe5+ 32. Kc2 Rxd3 33. Rxd3
Qe2+ 34. Kc3 Qe1+ 35. Kb3 Qb1+ 36. Kc3 Re8 37. Qd4 Qa1+ 38. Kb3 Qxd4 39. Rxd4
Re2 40. h4 Rxf2 41. hxg5 hxg5 42. Rd8+ Kc7 43. Rf8 f4 44. Rf7+ Kc8 45. Rf8+ Kd7
46. Rf7+ Ke6 47. Rxb7 Rxg2 48. Rb6 Kd5 49. Rxa6 f3 50. Ra8 f2 51. Rf8 g4 52. a4
Rg3+ 53. Kc2 Rf3 54. Rd8+ Kc4 0-1

[Event "11. OSEM SH"]
[Site "Büsum"]
[Date "2017.09.08"]
[Round "1.49"]
[White "Görtz, Hans"]
[Black "Westphal-Stubbe, Siegbert"]
[Result "1-0"]
[WhiteElo "1998"]
[BlackElo "1722"]
[PlyCount "71"]
[EventDate "2017.??.??"]
[WhiteTeam "DJK Wacker Bergeborbeck"]
[BlackTeam "SG Plöner See"]

1. Nf3 c5 2. c4 e6 3. g3 Nc6 4. Bg2 b6 5. O-O Bb7 6. b3 Nf6 7. Bb2 Be7 8. e3
Qc7 9. d4 cxd4 10. exd4 O-O 11. Nc3 a6 12. Rc1 Na7 13. Qe2 d6 14. Rfe1 Rfe8 15.
Qd3 Rad8 16. d5 e5 17. Ng5 g6 18. Qd2 Bf8 19. Nge4 Bg7 20. Nxf6+ Bxf6 21. Ne4
Bg7 22. Nc3 f5 23. Ne2 Qd7 24. f4 e4 25. Nd4 Bxd4+ 26. Qxd4 Rf8 27. Qh8+ Kf7
28. Qg7+ Ke8 29. Qd4 Nc8 30. Bxe4 fxe4 31. Rxe4+ Ne7 32. Rce1 Bc8 33. Qg7 Rf7
34. Qh8+ Rf8 35. Qxh7 Qb7 36. Rxe7+ 1-0

[Event "11. OSEM SH"]
[Site "Büsum"]
[Date "2017.09.08"]
[Round "1.50"]
[White "Cordsen, Heinrich"]
[Black "Bondick, Karl-Heinz"]
[Result "0-1"]
[WhiteElo "1722"]
[BlackElo "1991"]
[PlyCount "106"]
[EventDate "2017.??.??"]
[WhiteTeam "SK Union Oldenburg"]
[BlackTeam "USC Magdeburg"]

1. e4 e5 2. Nf3 f5 3. d4 fxe4 4. Nxe5 Nf6 5. Be2 d6 6. Nc4 d5 7. Ne5 Bd6 8. Bg5
O-O 9. c4 c6 10. Nc3 Be6 11. Qb3 Qb6 12. Qxb6 axb6 13. Bxf6 gxf6 14. cxd5 cxd5
15. Ng4 Nc6 16. O-O-O Bb4 17. Kb1 f5 18. Ne3 Bxc3 19. bxc3 f4 20. Bg4 Kf7 21.
Nf5 Kf6 22. Nh6 Bxg4 23. Nxg4+ Kf5 24. h3 b5 25. g3 h5 26. Nh2 b4 27. c4 dxc4
28. gxf4 Kxf4 29. Nf1 Rad8 30. Ne3 b5 31. Nc2 b3 32. axb3 cxb3 33. Na1 Nxd4 34.
Kb2 Ke5 35. Rh2 Rf3 36. Rg2 Kf4 37. h4 Rd3 38. Rxd3 exd3 39. Rg3 Ke4 40. Re3+
Kd5 41. Rxd3 Kc4 42. Rc3+ Kd5 43. Rd3 Rc8 44. Nxb3 Rc4 45. f3 Rb4 46. Ka3 Rxb3+
47. Rxb3 Nxb3 48. Kxb3 Ke5 49. Kb4 Kf4 50. Kxb5 Kxf3 51. Kc4 Kg3 52. Kd4 Kxh4
53. Ke4 Kg3 0-1

[Event "11. OSEM SH"]
[Site "Büsum"]
[Date "2017.09.08"]
[Round "1.51"]
[White "Quiring, Nikolai"]
[Black "Möller, Bernd"]
[Result "1-0"]
[WhiteElo "1990"]
[BlackElo "1717"]
[PlyCount "120"]
[EventDate "2017.??.??"]
[WhiteTeam "SV Rendsburg"]
[BlackTeam "SV Bad Schwartau"]

1. d4 d5 2. c4 c6 3. cxd5 cxd5 4. Nc3 e6 5. Bf4 a6 6. e3 Bd6 7. Bxd6 Qxd6 8. f4
Nf6 9. Bd3 O-O 10. Nf3 Nbd7 11. O-O b5 12. Ne5 Bb7 13. Qf3 Nb6 14. a3 Rab8 15.
Ng4 Nxg4 16. Qxg4 f5 17. Qe2 Nd7 18. g4 Rf7 19. Rf2 g6 20. Rg2 Rg7 21. g5 Rc8
22. h4 Nb6 23. h5 Qb8 24. Rh2 Kf7 25. Kf2 Nc4 26. Rah1 Nd6 27. hxg6+ hxg6 28.
Kg3 Rd8 29. Rh6 Rdg8 30. R1h3 Bc6 31. Qh2 Ke7 32. Rh8 Nf7 33. Rxg8 Rxg8 34. Rh7
Qf8 35. Na2 a5 36. Qc2 Bd7 37. Qc5+ Ke8 38. Bxb5 Qxc5 39. Bxd7+ Kxd7 40. dxc5
Ke7 41. b4 axb4 42. axb4 Ra8 43. Rh2 Ra3 44. Rb2 Rxe3+ 45. Kf2 Re4 46. b5 Rxf4+
47. Ke1 Ne5 48. Rb3 Nd7 49. b6 Nb8 50. Nb4 Rc4 51. c6 Rxc6 52. Nxc6+ Nxc6 53.
b7 e5 54. b8=Q Nxb8 55. Rxb8 f4 56. Rb6 Kf7 57. Rf6+ Kg7 58. Rd6 Kf7 59. Ke2
Ke7 60. Rxg6 e4 1-0

[Event "11. OSEM SH"]
[Site "Büsum"]
[Date "2017.09.08"]
[Round "1.52"]
[White "Johnen, Franz"]
[Black "Bullert, Wolfgang"]
[Result "1-0"]
[WhiteElo "1713"]
[BlackElo "1989"]
[PlyCount "75"]
[EventDate "2017.??.??"]
[WhiteTeam "SVG Alsdorf"]
[BlackTeam "Potsdamer SV"]

1. d4 f5 2. Nf3 Nf6 3. e3 g6 4. Be2 Bg7 5. O-O O-O 6. c4 d6 7. Nc3 Qe8 8. Qc2
Na6 9. a3 c5 10. Rd1 Bd7 11. b3 Rc8 12. Bb2 h6 13. Rac1 e5 14. d5 g5 15. g3 Nc7
16. h4 e4 17. Nh2 f4 18. hxg5 hxg5 19. exf4 gxf4 20. gxf4 Qg6+ 21. Kh1 Bf5 22.
Rg1 Qh6 23. Rg5 Qh3 24. Rcg1 Nce8 25. R1g3 Qh7 26. Qd1 Kf7 27. Nb5 Ke7 28. Kg2
Rh8 29. Qh1 Bh6 30. Bg4 Bxg5 31. fxg5 Bxg4 32. gxf6+ Nxf6 33. Bxf6+ Kxf6 34.
Nxg4+ Ke7 35. Qa1 Qf7 36. Nxd6 Kxd6 37. Qe5+ Kd7 38. Nf6+ 1-0

[Event "11. OSEM SH"]
[Site "Büsum"]
[Date "2017.09.08"]
[Round "1.53"]
[White "Rychlik, Kurt"]
[Black "Nowack, Achim"]
[Result "1-0"]
[WhiteElo "1988"]
[BlackElo "1705"]
[PlyCount "99"]
[EventDate "2017.??.??"]
[WhiteTeam "SV Berenbostel"]
[BlackTeam "SK Kaltenkirchen"]

1. c4 c5 2. Nc3 g6 3. g3 Bg7 4. Bg2 Nf6 5. e4 Nc6 6. Nge2 d6 7. d3 O-O 8. O-O
Bg4 9. h3 Bd7 10. Kh2 Rb8 11. a4 Nb4 12. Be3 e5 13. Qd2 Ne8 14. f4 f5 15. fxe5
Bxe5 16. d4 cxd4 17. Bxd4 Qc7 18. b3 Bxd4 19. Nxd4 Qc5 20. Rad1 a6 21. exf5
gxf5 22. Rf4 Ng7 23. Rh4 Rf6 24. Nf3 Re8 25. Rd4 Bc6 26. Rxd6 Bxf3 27. Bxf3
Rxd6 28. Qxd6 Qxd6 29. Rxd6 Re3 30. Bd5+ Nxd5 31. Nxd5 Rxb3 32. Rf6 Ne8 33.
Rxf5 Nd6 34. Rf4 Ra3 35. c5 Ne8 36. c6 bxc6 37. Ne7+ Kg7 38. Nxc6 Rc3 39. Nd4
Nf6 40. g4 h6 41. Nf5+ Kg8 42. Ne7+ Kg7 43. h4 Ra3 44. Kg2 Nd7 45. h5 Ne5 46.
Nf5+ Kh7 47. Re4 Nc6 48. Re6 Rc3 49. Rxh6+ Kg8 50. Rxc6 1-0

[Event "11. OSEM SH"]
[Site "Büsum"]
[Date "2017.09.08"]
[Round "1.54"]
[White "Schröder, Harm"]
[Black "Jäke, Wilhelm"]
[Result "0-1"]
[WhiteElo "1696"]
[BlackElo "1983"]
[PlyCount "110"]
[EventDate "2017.??.??"]
[WhiteTeam "SK Union Oldenburg"]
[BlackTeam "Kropper SC"]

1. e4 c6 2. d4 d5 3. Nc3 dxe4 4. Nxe4 Bf5 5. Ng3 Bg6 6. Nf3 Nd7 7. Bc4 e6 8.
O-O Bd6 9. Re1 Qc7 10. Ne4 Bxe4 11. Rxe4 Ngf6 12. Re1 O-O-O 13. h3 h6 14. Qe2
Nd5 15. Ne5 Nxe5 16. dxe5 Bc5 17. c3 Rd7 18. Bd2 Rhd8 19. b4 Nxb4 20. Red1 Nd5
21. Kh1 Bb6 22. f4 g6 23. Qf3 Ne3 24. Bxe3 Rxd1+ 25. Rxd1 Rxd1+ 26. Qxd1 Bxe3
27. Qf3 Qb6 28. Bb3 Qc5 29. c4 Qd4 30. g3 Qd2 31. Qg2 Kc7 32. Qxd2 Bxd2 33. Kg2
Kb6 34. Kf3 Kc5 35. Ke4 a5 36. g4 Kb4 37. h4 Be1 38. h5 gxh5 39. gxh5 a4 40.
Bc2 Kxc4 41. Bxa4 Kc3 42. f5 exf5+ 43. Kxf5 Kd4 44. Kf4 Ba5 45. Bb3 Bc7 46.
Bxf7 Bxe5+ 47. Kf3 Kd3 48. Bg6+ Kd2 49. Be4 Kc3 50. Bf5 c5 51. a4 Kb3 52. a5 c4
53. Bc8 c3 54. Bxb7 c2 55. Bd5+ Kb2 0-1

[Event "11. OSEM SH"]
[Site "Büsum"]
[Date "2017.09.08"]
[Round "1.55"]
[White "Engbrecht, Helmut"]
[Black "Zechel, Rolf-Rüdiger"]
[Result "1/2-1/2"]
[WhiteElo "1981"]
[BlackElo "1694"]
[PlyCount "36"]
[EventDate "2017.??.??"]
[WhiteTeam "SV Schorndorf"]
[BlackTeam "SK Kaltenkirchen"]

1. e4 c5 2. Nc3 Nc6 3. Nf3 g6 4. Bb5 Bg7 5. Bxc6 bxc6 6. Qe2 Nf6 7. O-O O-O 8.
d3 d6 9. e5 Ng4 10. Bf4 Nh6 11. Ne4 Nf5 12. g4 dxe5 13. Bxe5 Nd4 14. Bxd4 cxd4
15. Nfd2 f5 16. gxf5 Bxf5 17. Kh1 Qc7 18. Ng3 Bh3 1/2-1/2

[Event "11. OSEM SH"]
[Site "Büsum"]
[Date "2017.09.08"]
[Round "1.56"]
[White "Narr, Irmgard"]
[Black "Kracht, Helmut"]
[Result "0-1"]
[WhiteElo "1685"]
[BlackElo "1979"]
[Annotator "Gemkow,Jan Marten"]
[PlyCount "60"]
[EventDate "2017.??.??"]
[WhiteTeam "SC Mühlhof-Reichelsdorf"]
[BlackTeam "SK Kaltenkirchen"]

1. e4 c5 2. Nf3 Nc6 3. d4 cxd4 4. Nxd4 g6 5. Nxc6 bxc6 6. Nd2 Bg7 7. Bd3 Nf6 8.
O-O O-O 9. Re1 Qc7 10. Rb1 d6 11. h3 a5 12. Nf3 Rb8 13. b3 a4 14. Bf4 axb3 15.
axb3 Nd7 16. Qd2 Re8 17. Bh6 Bh8 18. Ng5 Ra8 19. Bc4 Ne5 20. Qf4 Bf6 21. Bf1
Ra2 22. c4 Qb6 23. b4 Nd7 24. b5 Rxf2 25. bxc6 Rxf4+ 26. Rxb6 Nxb6 27. Nf3 Rxf3
28. gxf3 Bd4+ 29. Kg2 Be6 30. Rc1 Rc8 {Rest nicht rekonstruierbar} 0-1

[Event "11. OSEM SH"]
[Site "Büsum"]
[Date "2017.09.08"]
[Round "1.57"]
[White "Wolke, Reimund"]
[Black "Stratmann, Dietrich"]
[Result "1-0"]
[WhiteElo "1979"]
[BlackElo "1682"]
[PlyCount "57"]
[EventDate "2017.??.??"]
[WhiteTeam "Hamburger SK"]
[BlackTeam "SC Northeim"]

1. e4 e5 2. Nf3 Nf6 3. Nxe5 d6 4. Nf3 Nxe4 5. Nc3 Nxc3 6. dxc3 Be7 7. Be3 Nd7
8. Qd2 Nf6 9. O-O-O O-O 10. Kb1 b6 11. Bc4 Bb7 12. Rhg1 d5 13. Bd3 Ne4 14. Qc1
f5 15. Nd4 Qc8 16. f3 Nd6 17. g4 c5 18. Nxf5 Nxf5 19. Bxf5 Qd8 20. Be6+ Kh8 21.
f4 g6 22. f5 g5 23. Qd2 Bf6 24. h4 d4 25. cxd4 cxd4 26. Bxg5 Bxg5 27. hxg5 Bf3
28. Qf4 h6 29. Qe5+ 1-0

[Event "11. OSEM SH"]
[Site "Büsum"]
[Date "2017.09.08"]
[Round "1.58"]
[White "Möller, Peter"]
[Black "Berenstein, Alexander"]
[Result "0-1"]
[WhiteElo "1672"]
[BlackElo "1968"]
[PlyCount "102"]
[EventDate "2017.??.??"]
[WhiteTeam "ASV Wismar"]
[BlackTeam "SV Rendsburg"]

1. Nf3 d5 2. d4 g6 3. b3 Bg7 4. Bb2 e6 5. e3 Nd7 6. Nbd2 Ne7 7. c4 c6 8. Be2
O-O 9. cxd5 exd5 10. Ba3 Re8 11. Bxe7 Qxe7 12. Rc1 f5 13. O-O f4 14. Re1 fxe3
15. fxe3 Qxe3+ 16. Kh1 Qf4 17. g3 Qf8 18. Bd3 Rxe1+ 19. Qxe1 Nf6 20. Ne5 Ng4
21. Ndf3 Bxe5 22. Nxe5 Nf2+ 23. Kg1 Nxd3 24. Nxd3 Bf5 25. Ne5 Qh6 26. Rc3 Be4
27. Re3 Rf8 28. Qe2 Qg7 29. Qd1 c5 30. Nf3 Bxf3 31. Rxf3 Rxf3 32. Qxf3 Qxd4+
33. Kg2 Kg7 34. Kh3 h5 35. Qe2 Qf6 36. Kg2 Kf7 37. Qb5 Qc6 38. Qf1+ Kg7 39. Kg1
b5 40. Qe2 Kf7 41. Qf3+ Ke7 42. Qf4 c4 43. Qe5+ Kd7 44. Qg7+ Kc8 45. Qf8+ Kb7
46. Qf7+ Ka6 47. bxc4 bxc4 48. Qe7 Kb5 49. Kf1 c3 50. a3 a5 51. Qe2+ Qc4 0-1